[Event "Titled Tue 1st Jul Late"]
[Site "chess.com INT"]
[Date "2025.07.01"]
[Round "10"]
[White "Sobek, Jaroslav"]
[Black "Linares Orellana, Hector Jose"]
[Result "1-0"]
[WhiteTitle "FM"]
[BlackTitle "FM"]
[WhiteElo "2195"]
[BlackElo "2111"]
[WhiteFideId "301388"]
[BlackFideId "7304307"]
[EventDate "2025.07.01"]

1. d4 d5 2. c4 e6 3. Nc3 Nf6 4. Bg5 Be7 5. e3 O-O 6. Nf3 Nbd7 7. Qc2 c6 8. Rd1
Re8 9. a3 h6 10. Bh4 b6 11. cxd5 exd5 12. Bd3 Bb7 13. O-O Rc8 14. Bf5 Ne4 15.
Nxe4 dxe4 16. Bxe7 Qxe7 17. Ne5 Nxe5 18. Bxc8 Rxc8 19. dxe5 Qxe5 20. Rd7 Ba6 21.
Rc1 Bd3 22. Qb3 Qf5 23. Rxa7 b5 24. Qb4 c5 25. Qa5 Rc6 26. Qd8+ Kh7 27. Qh4 Rf6
28. Rc7 c4 29. Re7 Qc5 30. Rd7 Qe5 31. Rd4 Rb6 32. Qg3 Qf6 33. Rd8 Qxd8 34. Qe5
Qf6 35. Qc5 Rc6 36. Qxb5 Qxb2 37. Qxb2 Rd6 38. Qc3 Rb6 39. a4 Rb3 40. Qd4 Ra3
41. Ra1 Rb3 42. a5 c3 43. a6 c2 44. Re1 Rb1 45. Qc3 Bxa6 46. h4 Bd3 47. Qd2 Rb2
48. Rc1 Ra2 49. g4 Rb2 50. Kg2 Rb1 51. Kg3 Kg6 52. Rxc2 Bxc2 53. Qxc2 Rb6 54.
Qxe4+ Kf6 55. Qd4+ 1-0

[Event "Titled Tue 1st Jul Late"]
[Site "chess.com INT"]
[Date "2025.07.01"]
[Round "10"]
[White "Przybylski, Wojciech"]
[Black "Cernov, Henrik"]
[Result "1-0"]
[WhiteTitle "FM"]
[BlackTitle "FM"]
[WhiteElo "2340"]
[BlackElo "2325"]
[WhiteFideId "1117599"]
[BlackFideId "16258312"]
[EventDate "2025.07.01"]

1. e4 c5 2. Nf3 e6 3. b3 b6 4. Nc3 Bb7 5. Bb2 Nc6 6. Bb5 Nd4 7. Bd3 Nxf3+ 8.
Qxf3 Ne7 9. Qg3 Nc6 10. a3 a6 11. e5 Qc7 12. Ne4 Nd4 13. Nd6+ Bxd6 14. exd6 Qc6
15. Qxg7 O-O-O 16. Bxd4 cxd4 17. Qxd4 Qxg2 18. O-O-O b5 19. Rhg1 Qd5 20. Qf4 e5
21. Qb4 e4 22. Be2 Kb8 23. a4 bxa4 24. Bxa6 axb3 25. Rg5 Qc6 26. Bc4 bxc2 27.
Re1 Rc8 28. Rb5 Qxc4 29. Rxb7+ Ka8 30. Rb8+ Rxb8 31. Qxc4 Rb1+ 32. Kxc2 Rxe1 33.
Qa2+ Kb7 34. Qb2+ Kc6 35. Qxh8 Re2 36. Qd4 Re1 37. Qc4+ Kxd6 38. Qxf7 Kc6 39.
Qxh7 d5 40. Qg7 Re2 41. Qf6+ Kc5 42. Qc3+ Kd6 43. h4 Ke6 44. Qh3+ Kf6 45. Qg3 d4
46. Qd6+ Kf5 47. Qxd4 Kf4 48. h5 Kf3 49. h6 Kg2 50. h7 e3 51. Qxe3 Rxf2 52.
Qxf2+ Kh1 53. Qe1+ Kg2 54. Qe2+ Kg1 55. Qe3+ Kg2 56. Qf4 Kg1 57. h8=Q Kg2 58.
Qg8+ Kh3 59. Qh6# 1-0

[Event "Titled Tue 1st Jul Late"]
[Site "chess.com INT"]
[Date "2025.07.01"]
[Round "10"]
[White "Watanabe, Akira"]
[Black "Castillo Pena, Patricia Evarista"]
[Result "1-0"]
[WhiteTitle "FM"]
[BlackTitle "WFM"]
[WhiteElo "2284"]
[BlackElo "1909"]
[WhiteFideId "7000227"]
[BlackFideId "6412106"]
[EventDate "2025.07.01"]

1. d4 d5 2. c4 c6 3. Nf3 Nf6 4. e3 e6 5. Nc3 Nbd7 6. Qc2 Bd6 7. Bd3 dxc4 8. Bxc4
b5 9. Bd3 Bb7 10. O-O a6 11. a3 c5 12. Rd1 Bxf3 13. gxf3 c4 14. Bf1 O-O 15. Bg2
Rc8 16. f4 Qc7 17. Bd2 Nb6 18. Ne2 Nbd5 19. Ng3 c3 20. bxc3 Nxc3 21. Bxc3 Qxc3
22. Qa2 Nd5 23. Bxd5 exd5 24. Qxd5 Bxa3 25. Qg5 Rfe8 26. Nh5 Bf8 27. Nf6+ Kh8
28. Nxe8 Rxe8 29. Rxa6 b4 30. Qb5 Rc8 31. Rb6 h6 32. Rb8 Qc2 33. Rf1 Qg6+ 34.
Kh1 Rxb8 35. Qxb8 Qe4+ 36. f3 Qe7 37. Qe5 Qb7 38. Qe4 Qb5 39. Rg1 b3 40. f5 b2
41. f6 g6 42. Qc2 Kh7 43. Rb1 Qb7 44. Kg2 Ba3 45. e4 Qb5 46. d5 h5 47. Qc3 Qe2+
48. Kg3 h4+ 49. Kf4 Qxh2+ 50. Ke3 1-0

[Event "Titled Tue 1st Jul Late"]
[Site "chess.com INT"]
[Date "2025.07.01"]
[Round "10"]
[White "Hadzovic, Amir"]
[Black "Graif, William"]
[Result "1-0"]
[WhiteTitle "FM"]
[BlackTitle "FM"]
[WhiteElo "2354"]
[BlackElo "2211"]
[WhiteFideId "14402300"]
[BlackFideId "2609835"]
[EventDate "2025.07.01"]

1. e4 e5 2. Nc3 Bc5 3. f4 d6 4. Nf3 Nc6 5. Bb5 Ne7 6. d3 Bg4 7. h3 Bxf3 8. Qxf3
O-O 9. Bxc6 Nxc6 10. Be3 f5 11. O-O exf4 12. Bxc5 fxe4 13. Qxe4 dxc5 14. Rxf4
Rxf4 15. Qxf4 Qd4+ 16. Qxd4 Nxd4 17. Ne4 b6 18. c3 Ne2+ 19. Kf2 Nf4 20. d4 cxd4
21. cxd4 Rd8 22. Rd1 c5 23. Kf3 Ne6 24. d5 Nd4+ 25. Kf2 Rxd5 26. Nc3 Re5 27. Rd2
Kf7 28. Nd1 b5 29. Ne3 a5 30. a3 Ke6 31. b4 axb4 32. axb4 Nb3 33. Rd8 cxb4 34.
Nc2 Na5 35. Nxb4 Nc4 36. Re8+ Kf6 37. Rf8+ Ke7 38. Rg8 Kf7 39. Rb8 Nd6 40. Nc6
Rf5+ 41. Ke3 Rc5 42. Nd4 Nf5+ 43. Nxf5 Rxf5 44. Ke4 Rc5 45. g4 Kf6 46. h4 h6 47.
Rb6+ Kf7 48. Rb7+ Kg6 49. Rb6+ Kh7 50. Kf4 Rc4+ 51. Kf5 b4 52. h5 Rc5+ 53. Kf4
Rc4+ 54. Kf5 Kg8 55. Rb7 Rc5+ 56. Kf4 Rc4+ 57. Kf5 Kf8 58. Ke6 Rxg4 59. Rb8# 1-0

[Event "Titled Tue 1st Jul Late"]
[Site "chess.com INT"]
[Date "2025.07.01"]
[Round "10"]
[White "Brancaleoni, Maurizio"]
[Black "Sabuk, Piotr"]
[Result "0-1"]
[WhiteTitle "FM"]
[BlackTitle "IM"]
[WhiteElo "2185"]
[BlackElo "2321"]
[WhiteFideId "803022"]
[BlackFideId "1137565"]
[EventDate "2025.07.01"]

1. Nf3 d5 2. d4 Nf6 3. c4 e6 4. g3 Bb4+ 5. Bd2 Be7 6. Bg2 O-O 7. O-O Nbd7 8. Qc2
c6 9. a4 b6 10. a5 Ba6 11. b3 Ne4 12. Nc3 Nxd2 13. Nxd2 Bb4 14. axb6 axb6 15. e4
e5 16. exd5 exd4 17. Na2 Bxd2 18. Qxd2 Nc5 19. Qb2 cxd5 20. Bxd5 Rc8 21. Nb4 Bb7
22. Bxb7 Nxb7 23. Nd5 Nc5 24. Rfd1 Ne6 25. Qd2 b5 26. Rac1 bxc4 27. bxc4 Rc5 28.
Nf4 Ng5 29. Qd3 Qa8 30. Nd5 Rd8 31. Qf5 Ne6 32. Qd3 h6 33. Re1 Qb7 34. h4 Kh8
35. h5 Rdc8 36. f4 Qa6 37. f5 Ng5 38. f6 Rxd5 39. fxg7+ Kxg7 40. Rf1 Re8 41.
Rcd1 Rd7 42. c5 Qe6 43. Rd2 Qe3+ 44. Kg2 Qxd3 45. Rxd3 Ne4 46. Rfd1 Nxc5 47.
Rxd4 Rxd4 48. Rxd4 Ne6 49. Rg4+ Kf6 50. Re4 Rd8 51. Rf4+ Nxf4+ 52. gxf4 Kf5 53.
Kf3 Rd7 54. Ke3 Re7+ 55. Kf3 f6 56. Kg3 Rc7 57. Kf3 Rc4 58. Kf2 Rxf4+ 59. Kg3
Kg5 60. Kh3 Kxh5 61. Kh2 Rg4 62. Kh3 Kg5 0-1

[Event "Titled Tue 1st Jul Late"]
[Site "chess.com INT"]
[Date "2025.07.01"]
[Round "10"]
[White "Venskaya, Nika"]
[Black "Amdouni, Zoubaier"]
[Result "0-1"]
[WhiteTitle "WCM"]
[BlackTitle "FM"]
[WhiteElo "1926"]
[BlackElo "2186"]
[WhiteFideId "13523503"]
[BlackFideId "5500419"]
[EventDate "2025.07.01"]

1. d4 Nf6 2. Nf3 e6 3. g3 b6 4. Bg2 Bb7 5. O-O Be7 6. c4 O-O 7. Re1 d5 8. cxd5
exd5 9. Bf4 Ne4 10. Nc3 Nd7 11. Rc1 c5 12. Nb5 Ndf6 13. a4 a6 14. Nc3 Nxc3 15.
bxc3 c4 16. Rb1 Ne4 17. Qc2 g5 18. Be3 f5 19. Ne5 f4 20. f3 Nd6 21. Bf2 b5 22.
gxf4 gxf4 23. Kh1 Bc8 24. Rg1 Kh8 25. Qc1 Bh4 26. Bxh4 Qxh4 27. e4 Be6 28. Qe1
Qh5 29. Qd2 Rf6 30. exd5 Bxd5 31. Bf1 Raf8 32. Qf2 Rh6 33. Rg2 Nf5 34. Kg1 Ne3
35. Be2 Nxg2 36. Qxg2 Rg8 37. Ng4 Qh4 38. Kf1 Rxg4 39. Qxg4 Qxg4 40. fxg4 Rxh2
41. axb5 Rh1+ 42. Kf2 Rxb1 43. bxa6 Ra1 44. Bf3 Ra5 45. Bxd5 Rxd5 46. a7 Ra5 47.
Kf3 Rxa7 48. Kxf4 Ra3 49. Ke4 Rxc3 50. d5 Rd3 51. Ke5 c3 52. d6 c2 53. d7 Rxd7
54. g5 Rd8 55. g6 hxg6 56. Kf6 Kh7 57. Kg5 c1=Q+ 58. Kf6 Qf4+ 59. Ke7 Rd6 60.
Ke8 Qe5+ 61. Kf7 Rf6# 0-1

[Event "Titled Tue 1st Jul Late"]
[Site "chess.com INT"]
[Date "2025.07.01"]
[Round "10"]
[White "Habans Aguerrea, Javier"]
[Black "Schmider, Niklas"]
[Result "0-1"]
[WhiteTitle "IM"]
[BlackTitle "IM"]
[WhiteElo "2448"]
[BlackElo "2421"]
[WhiteFideId "24524689"]
[BlackFideId "12993778"]
[EventDate "2025.07.01"]

1. Nc3 c5 2. e4 Nc6 3. g3 g6 4. Bg2 Bg7 5. d3 Rb8 6. Nge2 b5 7. Be3 b4 8. Nd5 e6
9. Ndf4 Bxb2 10. Rb1 Bd4 11. Nxd4 cxd4 12. Bd2 Nge7 13. h4 h6 14. O-O d6 15. Ne2
e5 16. f4 a5 17. Qe1 Qc7 18. Qf2 Be6 19. Rbc1 Bxa2 20. fxe5 dxe5 21. Qf6 Rh7 22.
Bh3 Ng8 23. Qf2 Qe7 24. Ra1 Be6 25. Bxe6 Qxe6 26. Nc1 Kf8 27. Nb3 Kg7 28. Nxa5
Nxa5 29. Rxa5 Nf6 30. Ra7 b3 31. cxb3 Rxb3 32. Rfa1 Ng4 33. Qf3 Rb6 34. Rc1 Rh8
35. Ba5 Rb2 36. Rac7 Rf8 37. Be1 Ne3 38. Bf2 Qh3 39. R7c6 Ng4 40. R6c2 Rxc2 41.
Rxc2 Ra8 42. Be1 Ra1 43. Re2 Ne3 44. Qf2 Ng4 45. Qg2 Qxg2+ 46. Kxg2 Ne3+ 47. Kf3
f5 48. Bf2 Ng4 49. Rb2 Rf1 50. Rb7+ Kf6 51. Rb6+ Ke7 52. exf5 Rxf2+ 53. Ke4
gxf5+ 54. Kd5 Re2 55. Rb7+ Kf6 56. Rb6+ Kg7 0-1

[Event "Titled Tue 1st Jul Late"]
[Site "chess.com INT"]
[Date "2025.07.01"]
[Round "10"]
[White "Sharankov, Grigory"]
[Black "Mafra, Kaiser Luiz"]
[Result "1-0"]
[WhiteTitle "CM"]
[BlackTitle "CM"]
[WhiteElo "2238"]
[BlackElo "2076"]
[WhiteFideId "4168356"]
[BlackFideId "2106698"]
[EventDate "2025.07.01"]

1. d4 Nf6 2. Nf3 g6 3. c4 Bg7 4. g3 d6 5. Bg2 O-O 6. O-O c5 7. Nc3 Nc6 8. d5 Nb4
9. a3 Na6 10. e4 Bd7 11. Re1 Qc8 12. e5 dxe5 13. Nxe5 Bh3 14. Bh1 Nd7 15. Nd3 e6
16. Nf4 Bf5 17. g4 e5 18. Ng2 Nb6 19. gxf5 gxf5 20. b3 Kh8 21. Qh5 Rg8 22. Kf1
Qd7 23. Bb2 Nc8 24. Nh4 Nd6 25. Re3 f4 26. Re4 Bf6 27. Nf3 Rg6 28. Rxe5 Bxe5 29.
Qxe5+ f6 30. Qxf4 Re8 31. Bg2 b5 32. Ne2 bxc4 33. Bxf6+ Kg8 34. Ne5 Rxe5 35.
Qxe5 cxb3 36. Nf4 Nf7 37. Qc3 Rg4 38. Bh3 Rg3 39. Bxd7 Rxc3 40. Bxc3 c4 41. Be6
Nc5 42. Bxf7+ Kxf7 43. d6 Ne4 44. Rc1 Nxc3 45. Rxc3 b2 46. Rxc4 b1=Q+ 47. Kg2
Qb7+ 48. Kg3 Qa6 49. Rd4 Ke8 50. f3 Qf1 51. d7+ Kd8 52. Ne6+ Ke7 53. d8=Q+ Kxe6
54. Qd7+ Ke5 55. Rd5+ Kf6 56. Rf5+ Kg6 57. Qf7+ Kh6 58. Rh5# 1-0

[Event "Titled Tue 1st Jul Late"]
[Site "chess.com INT"]
[Date "2025.07.01"]
[Round "10"]
[White "Tang, Zoey"]
[Black "Avalos Parra, Joao"]
[Result "1-0"]
[WhiteTitle "FM"]
[BlackTitle "FM"]
[WhiteElo "2356"]
[BlackElo "2150"]
[WhiteFideId "30952530"]
[BlackFideId "3402541"]
[EventDate "2025.07.01"]

1. e4 e5 2. Nf3 Nc6 3. Bb5 a6 4. Ba4 Nf6 5. O-O d6 6. Re1 Bd7 7. c3 g6 8. d4 Bg7
9. d5 Ne7 10. c4 O-O 11. b4 b5 12. Bb3 bxc4 13. Bxc4 Nh5 14. Nc3 f5 15. Ng5 Nf4
16. g3 Nh5 17. Ne6 Bxe6 18. dxe6 f4 19. Nd5 fxg3 20. hxg3 c6 21. Nxe7+ Qxe7 22.
Bg5 Qxg5 23. e7+ Rf7 24. Qb3 Qxe7 25. Rad1 Rf8 26. Rd3 Qf6 27. Rf3 Qe7 28. Rxf7
Rxf7 29. Rd1 Kf8 30. Bxf7 Qxf7 31. Qxf7+ Kxf7 32. Rxd6 Bf8 33. Rxc6 Bxb4 34.
Rxa6 Nf6 35. f3 Nd7 36. Kf2 h5 37. Ke3 Be1 38. g4 h4 39. Rd6 Nc5 40. Rd5 h3 41.
Rd1 Bg3 42. Ke2 h2 43. Rh1 Ke6 44. Kf1 Nd3 45. Kg2 Nf2 46. Kxg3 Nxh1+ 47. Kxh2
Nf2 48. Kg3 Nd3 49. Kh4 Kf6 50. a4 Nc5 51. a5 Na6 52. g5+ Ke6 53. Kg4 Kd6 54. f4
Ke6 55. f5+ gxf5+ 56. exf5+ Kf7 57. g6+ Kf6 58. Kf3 Nc5 59. Ke3 Kxf5 60. g7 1-0

[Event "Titled Tue 1st Jul Late"]
[Site "chess.com INT"]
[Date "2025.07.01"]
[Round "10"]
[White "Steinberg, Nitzan"]
[Black "Manvelyan, Mikayel"]
[Result "0-1"]
[WhiteTitle "GM"]
[BlackTitle "FM"]
[WhiteElo "2554"]
[BlackElo "2362"]
[WhiteFideId "2801795"]
[BlackFideId "13310143"]
[EventDate "2025.07.01"]

1. e4 c5 2. Nf3 Nc6 3. d4 cxd4 4. Nxd4 Nf6 5. Nc3 e5 6. Ndb5 d6 7. Nd5 Nxd5 8.
exd5 Nb8 9. a4 Be7 10. Be2 O-O 11. O-O Nd7 12. Kh1 f5 13. f4 a6 14. Na3 Bf6 15.
Nc4 Qe7 16. a5 exf4 17. Bxf4 Ne5 18. Nb6 Rb8 19. Be3 Ng6 20. Qd2 Re8 21. Nc4 f4
22. Bxf4 Nxf4 23. Qxf4 Qxe2 24. Qxd6 Bh3 25. Qg3 Qxc4 26. Rxf6 Qxd5 27. Rd6
Bxg2+ 28. Kg1 Qc5+ 29. Kxg2 Qxc2+ 30. Kh1 Qe4+ 31. Kg1 Rbc8 32. Rf1 Rc6 33. Qb3+
Qc4 34. Qxc4+ Rxc4 35. Rd7 Rg4+ 36. Kh1 h6 37. Rxb7 Re2 38. Rg1 Rxg1+ 39. Kxg1
h5 40. h4 Kh7 41. Rb6 g6 42. b4 Re4 43. Kf2 Rxh4 44. Ke3 Rg4 45. Kd3 h4 46. Kc3
h3 47. Rf6 h2 48. Rf7+ Kh6 49. Rf8 Kg7 50. Rf1 Rg1 0-1

[Event "Titled Tue 1st Jul Late"]
[Site "chess.com INT"]
[Date "2025.07.01"]
[Round "10"]
[White "Baker, Aidan"]
[Black "Zierk, Steven"]
[Result "0-1"]
[BlackTitle "GM"]
[WhiteElo "2130"]
[BlackElo "2489"]
[WhiteFideId "30981565"]
[BlackFideId "2034255"]
[EventDate "2025.07.01"]

1. e4 c5 2. Nf3 d6 3. Bb5+ Nd7 4. O-O a6 5. Bxd7+ Bxd7 6. c3 Nf6 7. Re1 e6 8. d4
cxd4 9. cxd4 Be7 10. Nc3 O-O 11. Bf4 b5 12. a3 Qb6 13. Qd2 Rfd8 14. Rad1 Rac8
15. d5 e5 16. Be3 Qb7 17. h3 b4 18. axb4 Qxb4 19. Bg5 h6 20. Bh4 Rb8 21. Re2
Rdc8 22. Ra1 a5 23. Bxf6 Bxf6 24. Nd1 Bd8 25. Qxb4 Rxb4 26. Nc3 Rcb8 27. Ra2 Bb6
28. Ne1 Bc8 29. Nc2 Rb3 30. Na1 Rb4 31. Nc2 Rc4 32. Ne3 Rc7 33. Na4 Ba6 34. Re1
Bd4 35. Nc3 Rc5 36. Rea1 Bd3 37. Rxa5 Rxa5 38. Rxa5 Rxb2 39. Ned1 Rc2 40. Ra8+
Kh7 41. Ra3 h5 42. Kh2 h4 43. f3 Bf1 44. Ra2 Rxc3 45. Nxc3 Bxc3 46. Rc2 Bb4 47.
Rc1 Bd3 48. Rc7 Kg6 49. g3 hxg3+ 50. Kxg3 f5 51. exf5+ Bxf5 52. h4 Bc5 53. Rb7
Kf6 54. h5 Bd3 55. Rc7 Bc4 56. Rd7 Bxd5 57. Rd8 Be6 58. Rf8+ Bf7 59. Rb8 Bxh5
60. Rf8+ Bf7 61. Rd8 d5 62. f4 e4 63. Kg4 Be6+ 0-1

[Event "Titled Tue 1st Jul Late"]
[Site "chess.com INT"]
[Date "2025.07.01"]
[Round "10"]
[White "Oksendal, Martin"]
[Black "Mata Gonzalez, Jose Fernando"]
[Result "1-0"]
[WhiteTitle "FM"]
[BlackTitle "CM"]
[WhiteElo "2235"]
[BlackElo "2164"]
[WhiteFideId "1554107"]
[BlackFideId "5107423"]
[EventDate "2025.07.01"]

1. e4 e5 2. Nf3 Nc6 3. Bb5 a6 4. Ba4 Nf6 5. O-O Be7 6. Re1 b5 7. Bb3 O-O 8. c3
d5 9. exd5 Nxd5 10. Nxe5 Nxe5 11. Rxe5 Nf6 12. d4 Bd6 13. Re1 Ng4 14. h3 Qh4 15.
Qf3 Nxf2 16. Re2 Ng4 17. Bf4 Bb7 18. Qxb7 Bxf4 19. hxg4 Bh2+ 20. Kf1 Bg3 21. Re3
Rae8 22. Qf3 Qh1+ 23. Ke2 Rxe3+ 24. Kxe3 Qc1+ 25. Kd3 Qxb2 26. Qxg3 Qxa1 27. Nd2
a5 28. Qxc7 a4 29. Bd5 Qh1 30. Qc5 Qh4 31. Qxb5 Qxg4 32. Bf3 Qg6+ 33. Be4 Qe6
34. Bd5 Qh6 35. Nf3 Qg6+ 36. Kc4 Qxg2 37. Ne5 Qf1+ 38. Kb4 Qxb5+ 39. Kxb5 a3 40.
c4 h5 41. c5 g5 42. c6 Kg7 43. c7 f5 44. Be6 Kf6 45. Nd7+ Kxe6 46. Nxf8+ Kd5 47.
c8=Q Ke4 48. Qe6+ Kf4 49. Ng6+ Kg4 50. Ne5+ Kf4 51. Ng6+ Kg4 52. d5 h4 53. Qe2+
Kg3 54. Qe5+ Kg4 55. Ne7 h3 56. Qxf5+ Kh4 57. Ng6+ Kh5 58. Nf4+ Kh4 59. Qxh3# 1-0

[Event "Titled Tue 1st Jul Late"]
[Site "chess.com INT"]
[Date "2025.07.01"]
[Round "10"]
[White "Vlassov, Nikolai"]
[Black "Rosen, Eric"]
[Result "1-0"]
[WhiteTitle "IM"]
[BlackTitle "IM"]
[WhiteElo "2291"]
[BlackElo "2377"]
[WhiteFideId "4103360"]
[BlackFideId "2032562"]
[EventDate "2025.07.01"]

1. e4 e6 2. d4 d5 3. exd5 exd5 4. Nf3 Nc6 5. Bd3 Bd6 6. O-O Nge7 7. Re1 Bg4 8.
c3 Qd7 9. h3 Bh5 10. Nbd2 f6 11. b4 O-O 12. Qc2 Bg6 13. Nb3 b6 14. a4 Bxd3 15.
Qxd3 Qf5 16. Qxf5 Nxf5 17. b5 Nd8 18. Ba3 Nb7 19. Bxd6 Nbxd6 20. Nfd2 Rfe8 21.
g4 Nh4 22. Kh2 Kf7 23. Kg3 g5 24. Re3 f5 25. Re5 f4+ 26. Kh2 Rxe5 27. dxe5 Ne4
28. f3 Nxd2 29. Nxd2 Re8 30. Kg1 Ng6 31. a5 Rxe5 32. axb6 axb6 33. Ra7 Re2 34.
Rxc7+ Kg8 35. Nb3 Nh4 36. Nd4 Rg2+ 37. Kf1 Rb2 38. Rb7 Ng2 39. Rxb6 Ne3+ 40. Kg1
Rg2+ 41. Kh1 Rg3 42. Rc6 Rxh3+ 43. Kg1 Rg3+ 44. Kh2 Rg2+ 45. Kh1 Rb2 46. b6 Kf7
47. Rc7+ Kf6 48. b7 h5 49. gxh5 g4 50. fxg4 Kg5 51. Nc6 Rb1+ 52. Kh2 Nxg4+ 53.
Kg2 Rb2+ 54. Kf1 f3 55. Rg7+ Kf4 56. Rxg4+ Kxg4 57. b8=Q Rh2 58. Qxh2 Kf5 59. h6
Ke4 60. h7 d4 61. cxd4 Kd3 62. h8=Q f2 63. Qxf2 Kc4 64. d5 Kxd5 65. Qfd4+ Kxc6
66. Qhf6+ Kb7 67. Qd7+ Kb8 68. Qfd8# 1-0

[Event "Titled Tue 1st Jul Late"]
[Site "chess.com INT"]
[Date "2025.07.01"]
[Round "10"]
[White "Arakelyan, Manvel"]
[Black "Terkiewicz, Bruno"]
[Result "0-1"]
[WhiteTitle "FM"]
[BlackTitle "CM"]
[WhiteElo "2326"]
[BlackElo "2183"]
[WhiteFideId "13317415"]
[BlackFideId "21093245"]
[EventDate "2025.07.01"]

1. e4 c5 2. Nf3 d6 3. Bb5+ Bd7 4. Bxd7+ Qxd7 5. c4 Nc6 6. d4 cxd4 7. Nxd4 Nf6 8.
Nc3 g6 9. f3 Bg7 10. Be3 O-O 11. O-O Rac8 12. b3 Qc7 13. Qd2 Qa5 14. Rfd1 Rfd8
15. Rac1 Ne5 16. Nde2 a6 17. a4 Qb4 18. Qc2 Nc6 19. Nd5 Qa3 20. Ra1 Nxd5 21.
Rxa3 Nxe3 22. Qd2 Nxd1 23. Qxd1 Nb4 24. Qd2 a5 25. Nc3 e6 26. Na2 d5 27. exd5
exd5 28. Nxb4 dxc4 29. Nd5 c3 30. Qg5 c2 31. Ne7+ Kh8 32. Nxc8 Rd1+ 33. Kf2 c1=Q
34. Qxc1 Rxc1 35. Nd6 Rc2+ 36. Kf1 Bf8 37. Nxf7+ Kg7 38. Ra1 Kxf7 39. Rd1 Rc7
40. Rd5 Bb4 41. Ke2 Ke6 42. Rb5 Kd6 43. h4 Kc6 44. h5 Rd7 45. hxg6 hxg6 46. Rg5
Rd6 47. g4 Re6+ 48. Kd3 Be7 49. Rb5 b6 50. f4 Bc5 51. f5 gxf5 52. gxf5 Re5 53.
Kc4 Rxf5 54. Kd3 Rf4 55. Kc3 Kd5 56. Kd3 Rf3+ 57. Kc2 Rh3 58. Kb2 Kd4 59. Ka2
Rh2+ 60. Kb1 Kc3 61. Ka1 Rg2 62. Kb1 Rb2+ 63. Ka1 Rxb3 0-1

[Event "Titled Tue 1st Jul Late"]
[Site "chess.com INT"]
[Date "2025.07.01"]
[Round "10"]
[White "Angulo Perez, Sebastian"]
[Black "Miserendino, Alfredo"]
[Result "0-1"]
[WhiteTitle "CM"]
[WhiteElo "2025"]
[BlackElo "2032"]
[WhiteFideId "6544045"]
[BlackFideId "101800"]
[EventDate "2025.07.01"]

1. e4 c5 2. Nf3 e6 3. d4 cxd4 4. Nxd4 Bc5 5. Nc3 Qb6 6. Nce2 e5 7. Nf5 Bxf2+ 8.
Kd2 g6 9. Nc3 gxf5 10. Nd5 Qd4+ 11. Ke2 Qxd1+ 12. Kxd1 Bb6 13. exf5 Nc6 14. Bg5
d6 15. Bd3 f6 16. Nxf6+ Nxf6 17. Bxf6 Rg8 18. g3 Nd4 19. Rf1 Bd7 20. c3 Nc6 21.
Kc2 Rg4 22. Bh4 Bd8 23. f6 e4 24. Be2 h5 25. Bxg4 hxg4 26. Rf4 Kf7 27. Rxe4 Ne5
28. Rf4 Bb6 29. Rd1 Bc7 30. Rff1 Re8 31. Rde1 Bc6 32. Rf4 Bf3 33. b3 a5 34. a4
b6 35. Re3 d5 36. Rd4 Be4+ 37. Kb2 Ng6 38. Bg5 Re5 39. Bf4 Nxf4 40. gxf4 Rf5 41.
c4 Kxf6 42. cxd5 Bxd5 43. Red3 Be6 44. Re4 Bxf4 45. Ka3 Be5 46. Rxg4 Bf4 47. Rf3
Bd6+ 48. Ka2 Rxf3 49. Rg2 Bf5 50. Rd2 Rd3 51. Re2 Be5 52. Rc2 Rd5 53. Rc6+ Rd6
54. Rc2 Be6 55. Rf2+ Ke7 56. h4 Rd3 57. h5 Rxb3 58. h6 Rf3+ 59. Kb1 Rxf2 60. h7
Rh2 61. h8=Q Rxh8 0-1

[Event "Titled Tue 1st Jul Late"]
[Site "chess.com INT"]
[Date "2025.07.01"]
[Round "10"]
[White "Gasparyan, Erik R."]
[Black "Vetokhin, Savva"]
[Result "1-0"]
[WhiteTitle "IM"]
[BlackTitle "GM"]
[WhiteElo "2372"]
[BlackElo "2570"]
[WhiteFideId "13315730"]
[BlackFideId "44144474"]
[EventDate "2025.07.01"]

1. Nf3 Nf6 2. g3 b5 3. Bg2 Bb7 4. O-O e6 5. b3 Be7 6. c4 bxc4 7. bxc4 c5 8. Nc3
O-O 9. Rb1 Qc8 10. d3 Nc6 11. Bf4 Nh5 12. Be3 Nf6 13. Bf4 Rd8 14. Ne5 d6 15.
Nxc6 Bxc6 16. Bxc6 Qxc6 17. Qa4 Qxa4 18. Nxa4 Rab8 19. Rfd1 Kf8 20. Kf1 Ke8 21.
Ke1 h6 22. h3 g5 23. Be3 Kd7 24. Kd2 Kc6 25. Kc2 Nd7 26. Rb3 h5 27. Rdb1 g4 28.
hxg4 hxg4 29. Nc3 Rxb3 30. axb3 Rh8 31. Ra1 Kb7 32. Rb1 a5 33. Ra1 Bd8 34. Bd2
Rh2 35. Nd1 Ka6 36. b4 cxb4 37. Bxb4 Nc5 38. Be1 Nb7 39. d4 Bb6 40. Kd3 Rh1 41.
Ne3 e5 42. Bc3 Rxa1 43. Bxa1 exd4 44. Bxd4 Nc5+ 45. Kc2 Ne4 46. Bxb6 Kxb6 47.
Nxg4 Kc5 48. Kd3 f5 49. Ne3 Nxf2+ 50. Kc2 Ne4 51. Nxf5 Kxc4 52. g4 a4 53. g5
Nxg5 54. Nxd6+ Kb4 55. e4 Nf3 56. Nf5 a3 57. Ne3 Nd4+ 58. Kb1 Kb3 59. e5 1-0

[Event "Titled Tue 1st Jul Late"]
[Site "chess.com INT"]
[Date "2025.07.01"]
[Round "10"]
[White "Jagirapu, Harshin Reddy"]
[Black "Shuvalova, Polina"]
[Result "1/2-1/2"]
[BlackTitle "IM"]
[WhiteElo "2042"]
[BlackElo "2480"]
[WhiteFideId "39910679"]
[BlackFideId "24171760"]
[EventDate "2025.07.01"]

1. d4 Nf6 2. Nf3 d5 3. e3 e6 4. Nbd2 b6 5. c4 Bb7 6. Bd3 Be7 7. O-O Nbd7 8. cxd5
exd5 9. b3 O-O 10. Bb2 Bd6 11. Rc1 Re8 12. Re1 Qe7 13. Nf1 Ne4 14. Ng3 g6 15.
Qe2 a6 16. Rc2 h5 17. Rec1 h4 18. Nf1 h3 19. g3 c5 20. N1d2 f5 21. Qf1 Qh7 22.
Bxe4 fxe4 23. Ng5 Qh5 24. Qxh3 Qxh3 25. Nxh3 a5 26. Nf4 Kf7 27. Nb1 g5 28. Ne2
Kg6 29. Nbc3 Bc6 30. Ba3 a4 31. Bb2 axb3 32. axb3 Nf6 33. dxc5 bxc5 34. b4 c4
35. b5 Bd7 36. Rd1 Be6 37. Nd4 Bf7 38. Nc6 Rec8 39. Ne2 Rc7 40. Bxf6 Kxf6 41.
Nc3 Rb7 42. Nxd5+ Kg7 43. Nc3 Bf8 44. Rd4 Bc5 45. Rxe4 Bg6 46. Re5 Bxc2 47.
Rxg5+ Kh6 48. Rxc5 Bd3 49. Ne5 Ra1+ 50. Kg2 Bf1+ 51. Kf3 Rb6 52. Nd5 Re6 53. Rc6
Rxc6 54. bxc6 Ra8 55. c7 Rc8 56. Nf7+ Kg7 57. Nd6 Rf8+ 58. Ke4 Bg2+ 59. Kd4 Bxd5
60. c8=Q Rxc8 61. Nxc8 Kf6 62. Nb6 Bf7 63. Nxc4 Kg5 64. Nd2 Kg4 65. f3+ Kh3 66.
e4 Kxh2 67. g4 Kg3 68. e5 Kf4 69. Nc4 Kxf3 70. Kc5 Kxg4 71. Kd6 Bxc4 72. e6 Bxe6 1/2-1/2

[Event "Titled Tue 1st Jul Late"]
[Site "chess.com INT"]
[Date "2025.07.01"]
[Round "10"]
[White "Denisenko, Denis"]
[Black "Petersen, Marcel"]
[Result "1-0"]
[WhiteTitle "CM"]
[BlackTitle "CM"]
[WhiteElo "1934"]
[BlackElo "2236"]
[WhiteFideId "4170652"]
[BlackFideId "12935670"]
[EventDate "2025.07.01"]

1. e4 d5 2. exd5 Qxd5 3. Nc3 Qd6 4. d4 Nf6 5. Nf3 Bg4 6. h3 Bh5 7. g4 Bg6 8. Bg2
c6 9. Be3 Nbd7 10. Qd2 O-O-O 11. O-O-O Nb6 12. Bf4 Qb4 13. a3 Qa5 14. Ne5 e6 15.
Ne2 Qa4 16. Nc3 Qa5 17. Ne2 Qxd2+ 18. Rxd2 Nfd5 19. Bg3 f6 20. Nxg6 hxg6 21. Re1
Bd6 22. Bxd6 Rxd6 23. b3 Nc7 24. c4 Rdd8 25. Nf4 Rhe8 26. Nxg6 e5 27. dxe5 Rxd2
28. Kxd2 fxe5 29. Rxe5 Rd8+ 30. Kc2 Rd6 31. Ne7+ Kd7 32. Nf5 Re6 33. Rxe6 Nxe6
34. Kc3 g6 35. Ne3 Nf4 36. Bf1 Nc8 37. h4 Nd6 38. Kd4 Ke6 39. Ng2 Nh3 40. f4 b6
41. Bd3 Kf6 42. b4 Nb7 43. c5 b5 44. Be4 Nd8 45. g5+ Kf7 46. Ke5 Nf2 47. Bf3 Ke7
48. h5 gxh5 49. Bxh5 Nd3+ 50. Kd4 Nb2 51. f5 Nc4 52. f6+ Ke6 53. Bg4+ Kf7 54.
Nf4 Nxa3 55. Bh5+ Kf8 56. g6 Nc2+ 57. Kc3 Ne3 58. g7+ Kg8 59. Kd3 Nf5 60. Ng6
Nxg7 61. Ne7+ Kf8 62. fxg7+ Kxg7 63. Bf3 Kf6 64. Nxc6 Nb7 65. Nd4 Nxc5+ 66. bxc5
a6 67. Bb7 Ke5 68. Bxa6 Kd5 69. c6 Kc5 70. c7 b4 71. c8=Q+ Kb6 72. Qc6+ Ka7 73.
Qb7# 1-0